000 00468nam a22001817a 4500
003 MPLRDC
005 20220104123406.0
008 210129b ||||| |||| 00| 0 eng d
020 _a7-02-001932-3
082 _a857.7 WMM v.1
100 _a吴民民
245 _a世纪未的挽钟: 日本海的悬崖. 第一部
_c
250 _a一版一刷
260 _a
_b人民文学出版社
_c1994
300 _b
650 _a长篇小说
942 _cBK
_o857.7 WMM v.1
999 _c11059
_d11049